000 00437nam a2200181Ia 4500
008 240510s9999 xx 000 0 und d
041 _aEng
082 _a519.248
082 _bW27
100 _aWETHERILL, G. Barrie
245 0 _aSampling inspection and quality control
260 _bLondon, Methuen
260 _c1969
300 _a128 p.
650 _aStatistics : quality control : sampling
942 _2ddc
942 _cLBK
999 _c23558
_d23558
945 _a1
_bMadushi Gamage
_c1
_dMadushi Gamage